| 000 | 00431pab a2200157 454500 | ||
|---|---|---|---|
| 008 | 180718b1995 xxu||||| |||| 00| 0 eng d | ||
| 100 | _aVerdier, Daniel | ||
| 245 |
_aThe politics of public aid to private industry _bthe role of policy networks. |
||
| 260 | _c1995 | ||
| 300 | _ap.3-42 | ||
| 362 | _aApr | ||
| 650 | _aFree enterprises | ||
| 650 | _aU.S.A. - Industry | ||
| 773 | _aComparative Political Studies | ||
| 909 | _a28458 | ||
| 999 |
_c28458 _d28458 |
||